000 00624nam a22002057a 4500
003 UA-OsUOA
001 11805
007 ta
008 20050415b un ||||| |||| 00| 0 ukr d
100 _aЖитний П.
942 _cSA
040 _aUA-OsUOA
_bukr
_cUA-OsUOA
_dUA-OsUOA
245 _aПроблеми формування облікової політики та шляхи їх вирішення
300 _aС.19-23
955 _a0
041 _aukr
044 _aUA
773 0 _w0
_tБухгалтерський облік і аудит
_dК.
_d2005
_gN3
650 7 _aБухгалтерський облік
_2UDC
999 _c297966
_d297966